[Event "Paris-ch op-B 86th"]
[Site "Paris"]
[Date "2011.07.06"]
[Round "5"]
[White "Chang, Xavier"]
[Black "Anicette, Hugues"]
[Result "1-0"]
[WhiteElo "1897"]
[BlackElo "1761"]
[PlyCount "105"]
[EventDate "2011.07.02"]
[EventType "swiss"]
[EventRounds "9"]
[EventCountry "FRA"]
[SourceTitle "EXT 2012"]
[Source "ChessBase"]
[SourceDate "2011.11.24"]
[SourceVersion "1"]
[SourceVersionDate "2011.11.24"]
[SourceQuality "1"]

1. Nf3 Nf6 2. d4 e6 3. e3 c5 4. Bd3 d5 5. b3 Be7 6. 0-0 0-0 7. Nbd2 b6 8. Bb2 Ba6 9. c4 dxc4 10. Nxc4 Bb7 11. Qe2 Be4 12. Rfd1 Bxd3 13. Rxd3 Qc7 14. dxc5 Qxc5 15. Ba3 Qc7 16. Nd6 Nd5 17. Nb5 Qb7 18. Bxe7 Qxe7 19. Qd2 a6 20. Nc3 Nf6 21. e4 Nc6 22. e5 Ng4 23. Qf4 Nh6 24. Ne4 Nf5 25. g4 Nh4 26. Nf6+ Kh8 27. Nxh4 gxf6 28. exf6 Qb4 29. Qxb4 Nxb4 30. Rd6 Rab8 31. Nf3 h6 32. Ne5 Rb7 33. Nc4 Nd5 34. Rd1 b5 35. Ne3 Nxf6 36. Rxa6 Rg8 37. h3 h5 38. f3 hxg4 39. hxg4 Rg5 40. Kf2 Rc5 41. Ke2 Kg7 42. Rd4 Re5 43. Kd3 Rc5 44. Ra5 e5 45. Rd6 Ne8 46. Nf5+ Kh7 47. Rh6+ Kg8 48. Ra8 e4+ 49. Kxe4 Rxf5 50. gxf5 Re7+ 51. Kf4 Kg7 52. Rb6 Nc7 53. f6+ 1-0

[Event "Paris-ch op-B"]
[Site "Paris"]
[Date "2009.07.10"]
[Round "7"]
[White "Anicette, Hugues"]
[Black "Jacq, Rene"]
[Result "0-1"]
[WhiteElo "1669"]
[BlackElo "1763"]
[PlyCount "78"]
[EventDate "2009.07.04"]
[EventType "swiss"]
[EventRounds "9"]
[EventCountry "FRA"]
[SourceTitle "EXT 2010"]
[Source "ChessBase"]
[SourceDate "2010.11.25"]
[SourceVersion "1"]
[SourceVersionDate "2010.11.25"]
[SourceQuality "1"]

1. e4 e5 2. Nf3 Nc6 3. d4 exd4 4. Bc4 Be7 5. c3 d6 6. cxd4 Nf6 7. Nc3 Bg4 8. Be3 0-0 9. h3 Bh5 10. 0-0 a6 11. a3 b5 12. Bd3 Na5 13. b4 Nb7 14. d5 Nd7 15. Ne2 Bxf3 16. gxf3 Ne5 17. Nd4 Qd7 18. Kh2 Bf6 19. Rc1 Nd8 20. f4 Nxd3 21. Qxd3 Rc8 22. Nc6 Re8 23. Bd4 Bxd4 24. Qxd4 Nxc6 25. Rxc6 Qe7 26. f3 Qh4 27. Qd2 f5 28. Re1 Rf8 29. Rg1 Rf6 30. exf5 Rxf5 31. Rg4 Qf6 32. Rxa6 h5 33. Rg1 Rxf4 34. Rf1 Re8 35. Qd3 Rd4 36. Qxb5 Qe5+ 37. Kh1 Rd2 38. Qxe8+ Qxe8 39. Rg1 Qe2 0-1

[Event "Angers op 4th"]
[Site "Angers"]
[Date "2009.04.17"]
[Round "2"]
[White "Delaitre, Frederic"]
[Black "Anicette, Hugues"]
[Result "1-0"]
[WhiteElo "1860"]
[BlackElo "1637"]
[PlyCount "43"]
[EventDate "2009.04.17"]
[EventType "swiss"]
[EventRounds "6"]
[EventCountry "FRA"]
[SourceTitle "CBM 129 Extra"]
[Source "ChessBase"]
[SourceDate "2009.05.05"]
[SourceVersion "2"]
[SourceVersionDate "2009.05.20"]
[SourceQuality "1"]

1. c4 c5 2. g3 Nf6 3. Bg2 g6 4. Nf3 Nc6 5. Nc3 Bg7 6. d3 0-0 7. 0-0 a6 8. a3 Rb8 9. Rb1 d6 10. b4 cxb4 11. axb4 b5 12. cxb5 axb5 13. Bg5 Nd7 14. Qd2 Re8 15. Ne4 Nce5 16. Nxd6 Nxf3+ 17. Bxf3 h6 18. Nxe8 hxg5 19. Nxg7 Kxg7 20. Qxg5 Nf6 21. Rfc1 Nh7 22. Qe5+ 1-0